Astronómia tajomstvá vesmíru

Bibliographic Details
Main Author: Bakó, Krisztián (Author)
Other Authors: Srnková, Monika (Translator)
Format: Book
Language:Slovak
Hungarian
PhysicalDescription:48 s. fareb. fotogr., ilustr. 30 cm
Published: [Nové Zámky] Ex book 2014
ISBN:9788089590841
Subjects:

MARC

LEADER 00000cam a2200000 a 4500
001 vtls010605287
003 SK-MaSNL
005 20260301090622.0
008 240313s2014 xo oa j 000 0 slo
015 |a SNBA2014/10 
020 |a 9788089590841  |q (viaz.) 
035 |a C8E7CE7C-B705-4E87-959C-B226B6028884 
035 |a urn:nbn:sk:snk-amkcov 
035 |a urn:nbn:sk:snk-am003wgi 
040 |a SNK  |b slo  |c SNK  |e AACR2 
041 1 |a slo  |h hun 
044 |a xo  |c SK 
072 7 |a 52  |x Astronómia. Geodézia  |2 konspekt 
080 |a 52  |2 2001 
080 |a (0.062)  |2 2001 
080 |a (0.053.2)  |2 2001 
100 1 |a Bakó, Krisztián  |4 aut  |9 418692 
245 1 0 |a Astronómia  |b tajomstvá vesmíru  |c [Krisztián Bakó ; preklad Monika Srnková] 
260 |a [Nové Zámky]  |b Ex book  |c 2014 
300 |a 48 s.  |b fareb. fotogr., ilustr.  |c 30 cm 
500 |a Pravdepodobne prelož. z maď. 
500 |a Miesto vyd. podľa ISBN 
650 0 7 |a astronómia  |2 SNKPH  |9 730 
650 0 7 |a Astronomy  |2 SNKPHeng  |9 267729 
655 7 |a populárno-náučné publikácie  |2 SNKPH  |9 70460 
655 7 |a publikácie pre deti  |2 SNKPH  |9 70148 
655 7 |a Popular works  |2 SNKPHeng  |9 90287 
655 7 |a Children's literature  |2 SNKPHeng  |9 276039 
700 1 |a Srnková, Monika  |4 trl  |9 135381 
852 |a Štátna vedecká knižnica v Banskej Bystrici 
919 |a 978-80-89590-84-1 
958 |a DB 
958 |a OP 
968 |b MAG 
999 |c 668713  |d 670643 
952 |a SNK  |b SNK  |y PREZ  |7 0  |p 17A1117459  |o snkSB 87215  |i snk2014/21241  |8 0  |0 0  |1 0  |4 0  |d 2014-10-09  |f 1  |l 0  |r 2025-05-07 00:00:00  |w 2026-02-23 
952 |a SNK  |b SNK  |y VYP  |7 0  |p 17A1117460  |o snkSB 87215 D1  |i snk2014/21242  |8 0  |0 0  |1 0  |4 0  |d 2014-10-09  |l 0  |r 2016-06-30 00:00:00  |w 2026-02-23